| 000 | 00743nam a22002055i 4500 | ||
|---|---|---|---|
| 001 | 155073 | ||
| 003 | ES-MaACL | ||
| 005 | 20260429201017.0 | ||
| 008 | 991001s1897 fr af |||| | fre d | ||
| 040 |
_aCAM _bspa _cCAM |
||
| 100 | 1 |
_aHallays, André ( _d1859-1930) _961583 |
|
| 245 | 1 | 0 |
_aBeaumarchais / _cpar André Hallays. |
| 260 |
_aParis : _bLibrairie Hachette et Cie., _c1897 ( _eCoulommiers : _fimp. P. Brodard) |
||
| 300 |
_a188 p., [1] h. de lám. ; _c18 cm. |
||
| 490 | 1 | _aLes grands écrivains français | |
| 600 | 0 |
_aBeaumarchais, Pierre Augustin Caron de, _d1732-1799 _9239070 |
|
| 830 | 0 |
_aLes grands écrivains français _9182230 |
|
| 852 |
_aES-MaACL _jB-3184(2) _z-- Enc. pasta española con otra obra |
||
| 999 |
_c155073 _d155073 |
||